01441nam a22003737a 4500003000500000005001700005008004100022010000900063011000900072035000900081040000900090090001000099100004300109245017000152260004000322300002200362500001000384502007700394590003700471590004100508590004100549590004100590590004100631590004100672590004200713650003300755650003200788650004700820901000700867942001000874949004100884999001500925952012700940CHAP20220329133349.0971013s1992 r 00010 d a5500 a6472 a5692 cCHAP aTesis00aMartínez Ruiz, Jorge Alberto.972497 aEvaluación experimental del efecto del bioestimulante comercial Rhoniphos-bio en la producción del frijol ejotero (Phaseolus vulgaris L.) en condiciones de riego aChapingo, Méx. :bEl Autor,c1992 a68 h.b: Apénd. a58-34 aTesis (Ing. Agr. Esp. en Fitotecnia) -- UACH. Departamento de Fitotecnia aALEPHb10c20130110lUCH01h1216 aBATCH-UPDb10c20130110lUCH01h0158 aBATCH-UPDb10c20130110lUCH01h2100 aBATCH-UPDb10c20130409lUCH01h2204 aBATCH-UPDb10c20130410lUCH01h1412 aBATCH-UPDb10c20130914lUCH01h1439 aCONVERSIONb10c20130109lUCH01h130414aFrijolxIrrigación.94339814aFrijolxRendimiento.94342914aPlantasxCrecimientoxEstimulantes.988808 aBK cTESIS bBCcTESd-15282eTS1h24856i5692si c5500d5500 00102local4051708TESISaBCbBCcPA_TESISd2019-12-31fTESISl0oTesisp-15282r2019-12-31 00:00:00w2019-12-31yTESIS